Online
Catalog

Grandeza y decadencia de Roma : (Record no. 20639)

MARC details
000 -CABECERA
campo de control de longitud fija 00937nam a2200253 a 4500
001 - NÚMERO DE CONTROL
campo de control 000021137
005 - FECHA Y HORA DE LA ÚLTIMA TRANSACCIÓN
campo de control 20200930011237.0
008 - DATOS DE LONGITUD FIJA--INFORMACIÓN GENERAL
campo de control de longitud fija 100831s1946 ag 000 0 spa d
041 17 - CÓDIGO DE LENGUA
Código de lengua del texto/banda sonora o título independiente spa
Código de lengua original ita
Fuente del código Código de idiomas MARC
082 ## - NÚMERO DE LA CLASIFICACIÓN DECIMAL DEWEY
Número de clasificación 937
Número de documento/Ítem F386g
049 ## - FONDOS LOCALES (OCLC)
Fondos de biblioteca BNGR
040 ## - FUENTE DE LA CATALOGACIÓN
Centro catalogador/agencia de origen DO-SdBNP
100 1# - ENTRADA PRINCIPAL--NOMBRE DE PERSONA
Nombre de persona Ferrero, Guglielmo.
9 (RLIN) 44196
240 10 - TÍTULO UNIFORME
Título uniforme Grandezza e decadenza di Roma.
Lenguaje de la obra Español
245 10 - MENCIÓN DE TÍTULO
Título Grandeza y decadencia de Roma :
Resto del título fin de una aristocracia /
Mención de responsabilidad, etc. Guglielmo Ferrero ; traducción de M. Ciges Aparicio.
260 ## - PUBLICACIÓN, DISTRIBUCIÓN, ETC.
Lugar de publicación, distribución, etc. Buenos Aires :
Nombre del editor, distribuidor, etc. Siglo Veinte,
Fecha de publicación, distribución, etc. 1946.
300 ## - DESCRIPCIÓN FÍSICA
Extensión v. ;
Dimensiones 20 cm.
534 ## - NOTA SOBRE LA VERSIÓN ORIGINAL
Encabezamiento principal del original Título del original italiano :
Mención de título del original Grandezza e decadenza di Roma
505 1# - NOTA DE CONTENIDO CON FORMATO
Información miscelánea v. 2.
Título Julio Cesar.
Información miscelánea v. 3.
Título Fin de una aristocracia.
500 ## - NOTA GENERAL
Nota general La biblioteca sólo posee los volumenes 2 y 3.
651 #4 - PUNTO DE ACCESO ADICIONAL DE MATERIA--NOMBRE GEOGRÁFICO
Nombre geográfico Roma
Subdivisión general Historia
9 (RLIN) 10862
651 #4 - PUNTO DE ACCESO ADICIONAL DE MATERIA--NOMBRE GEOGRÁFICO
Nombre geográfico Roma
Subdivisión general Historia Antigua
9 (RLIN) 44197
700 1# - PUNTO DE ACCESO ADICIONAL--NOMBRE DE PERSONA
Nombre de persona Ciges Aparicio, M.,
Término indicativo de función/relación tr.
9 (RLIN) 44198
Holdings
Estado de retiro Estado de pérdida Restricciones de uso No para préstamo Código de colección Localización permanente Ubicación/localización actual Ubicación en estantería Fecha de adquisición Número de inventario Total de préstamos Signatura topográfica completa Código de barras Fecha visto por última vez Precio válido a partir de Tipo de ítem Koha
        Monografías: Libros y Folletos General General En catalogación 31.08.2010 LF1   v. 2 21137-10 25.06.2020 25.06.2020 Préstamo en sala
        Monografías: Libros y Folletos General General En catalogación 01.09.2010 LF1   v. 3 21137-20 25.06.2020 25.06.2020 Préstamo en sala

Powered by Koha